Импульсный метод определения частотных характеристик сильноточных шунтов; Известия Томского политехнического университета [Известия ТПУ]; Т. 321, № 4 : Энергетика

التفاصيل البيبلوغرافية
Parent link:Известия Томского политехнического университета [Известия ТПУ]/ Томский политехнический университет (ТПУ).— , 2000-
Т. 321, № 4 : Энергетика.— 2012.— [С. 137-140]
مؤلفون آخرون: Заревич А. И. Антон Иванович, Муравьев С. В. Сергей Васильевич, Бедарева Е. В. Елена Вячеславовна, Карпенко С. Р. Станислав Романович
الملخص:Заглавие с титульного листа
Электронная версия печатной публикации
Рассмотрен и экспериментально апробирован метод определения амплитудно- и фазочастотных характеристик токового шунта, основанный на совместной цифровой обработке входного короткого импульсного воздействия и отклика на него. Частотная зависимость коэффициента передачи шунта рассчитывается с помощью компонентов комплексных спектральных преобразований напряжений с выходов шунта и эталонного преобразователя тока. Показано, что точность метода может быть повышена путем усреднения по ансамблю спектральных составляющих сигналов.
اللغة:الروسية
منشور في: 2012
سلاسل:Энергетика
الموضوعات:
الوصول للمادة أونلاين:http://earchive.tpu.ru/bitstream/11683/4475/1/bulletin_tpu-2012-321-4-30.pdf
التنسيق: MixedMaterials الكتروني فصل الكتاب
KOHA link:https://koha.lib.tpu.ru/cgi-bin/koha/opac-detail.pl?biblionumber=231728

MARC

LEADER 00000nla2a2200000 4500
001 231728
005 20240122132837.0
035 |a (RuTPU)RU\TPU\book\252751 
035 |a RU\TPU\book\252749 
090 |a 231728 
100 |a 20130205d2012 k y0rusy50 ca 
101 0 |a rus 
102 |a RU 
135 |a drnn ---uucaa 
181 0 |a i  
182 0 |a b 
200 1 |a Импульсный метод определения частотных характеристик сильноточных шунтов  |f А. И. Заревич [и др.] 
203 |a Текст  |c электронный 
215 |a 1 файл (324 Кб) 
225 1 |a Энергетика 
300 |a Заглавие с титульного листа 
300 |a Электронная версия печатной публикации 
320 |a [Библиогр.: с. 140 (8 назв.)] 
330 |a Рассмотрен и экспериментально апробирован метод определения амплитудно- и фазочастотных характеристик токового шунта, основанный на совместной цифровой обработке входного короткого импульсного воздействия и отклика на него. Частотная зависимость коэффициента передачи шунта рассчитывается с помощью компонентов комплексных спектральных преобразований напряжений с выходов шунта и эталонного преобразователя тока. Показано, что точность метода может быть повышена путем усреднения по ансамблю спектральных составляющих сигналов. 
337 |a Adobe Reader 
461 1 |0 (RuTPU)RU\TPU\book\176237  |t Известия Томского политехнического университета [Известия ТПУ]  |f Томский политехнический университет (ТПУ)  |d 2000- 
463 1 |0 (RuTPU)RU\TPU\book\251719  |x 1684-8519  |t Т. 321, № 4 : Энергетика  |v [С. 137-140]  |d 2012  |p 204 с. 
610 1 |a токовые шунты 
610 1 |a динамические характеристики 
610 1 |a преобразование Фурье 
610 1 |a сильноточные шунты 
610 1 |a частотные характеристики 
610 1 |a импульсные методы 
610 1 |a труды учёных ТПУ 
610 1 |a электронный ресурс 
701 1 |a Заревич  |b А. И.  |c российский ученый, специалист в области компьютерных измерительных систем  |c доцент Томского политехнического университета, кандидат технических наук  |f 1977-  |g Антон Иванович  |3 (RuTPU)RU\TPU\pers\27983 
701 1 |a Муравьев  |b С. В.  |c специалист в области контрольно-измерительной техники  |c профессор Томского политехнического университета, доктор технических наук  |f 1954-  |g Сергей Васильевич  |3 (RuTPU)RU\TPU\pers\27989  |9 12979 
701 1 |a Бедарева  |b Е. В.  |c специалист в области метрологии  |c аспирант Томского политехнического университета, лаборант-исследователь, ассистент  |f 1985-  |g Елена Вячеславовна  |3 (RuTPU)RU\TPU\pers\29779  |9 14256 
701 1 |a Карпенко  |b С. Р.  |g Станислав Романович 
801 1 |a RU  |b 63413507  |c 20090623  |g PSBO 
801 2 |a RU  |b 63413507  |c 20220124  |g PSBO 
856 4 |u http://earchive.tpu.ru/bitstream/11683/4475/1/bulletin_tpu-2012-321-4-30.pdf 
942 |c CF